XVI Asamblea Anual celebrada el día 17 de septiembre de 1913 en la villa de Arbucias (Record no. 98408)

MARC details
000 -LEADER
campo de control de longitud fija 00811nam a2200181 i 4500
001 - NÚMERO DE CONTROL
campo de control 98408
003 - IDENTIFICADOR DE NÚMERO DE CONTROL
campo de control ES-MaACL
005 - FECHA Y HORA DE LA ÚLTIMA TRANSACCIÓN
campo de control 20230906182259.0
007 - CAMPO FIJO DE DESCRIPCIÓN FÍSICA--INFORMACIÓN GENERAL
campo de control de longitud fija t|
008 - DATOS DE LONGITUD FIJA--INFORMACIÓN GENERAL
campo de control de longitud fija 050822s1913 sp ||||1| spa d
100 1# - ENTRADA PRINCIPAL--NOMBRE DE PERSONA
Nombre de persona Pagés y Oliveras, Vicente.
9 (RLIN) 88292
245 10 - MENCIÓN DEL TÍTULO
Título XVI Asamblea Anual celebrada el día 17 de septiembre de 1913 en la villa de Arbucias
Resto del título : [Consideraciones en que se desarrolla la vida de los operarios de la industria fabril, en comarcas rurales /
Mención de responsabilidad, etc. por Vicente Pagés y Oliveras].
260 ## - PUBLICACIÓN, DISTRIBUCIÓN, ETC.
Lugar de publicación, distribución, etc. Gerona :
Nombre del editor, distribuidor, etc. [s.n.],
Fecha de publicación, distribución, etc. 1913 (
Fabricante Est. tip. de Dolores Torres)
300 ## - DESCRIPCIÓN FÍSICA
Extensión 31 p. ;
Dimensiones 24 cm.
710 2# - ENTRADA AGREGADA--NOMBRE DE ENTIDAD CORPORATIVA
Nombre de entidad corporativa o nombre de jurisdicción como elemento de entrada Colegio de Médicos de la Provincia de Gerona.
9 (RLIN) 2909
711 2# - ENTRADA AGREGADA--NOMBRE DE REUNIÓN
Nombre de congreso/reunión o jurisdicción como elemento de entrada Asamblea del Colegio de Médicos de la Provincia de Gerona (
Número del congreso/reunión o número de parte o sección 16ª.
Fecha del congreso o de la firma del tratado 1912.
Sede del congreso/Lugar de la reunión Arbucias)
9 (RLIN) 17
852 ## - LOCALIZACIÓN
Ubicación ES-MaACL
Número de control de estantería T-1362-F-5
Holdings
Estatus retirado Estado de pérdida Estado de daño No para préstamo Colección Biblioteca de origen Biblioteca actual Ubicación en estantería Fecha de adquisición Fuente de adquisición Total de préstamos Signatura topográfica completa Código de barras Visto por última vez Precio de reemplazo Tipo de ítem Koha
        Colección de folletos Biblioteca del Ateneo de Madrid Biblioteca del Ateneo de Madrid Depósito folletos 17/01/2008     T-1362-F-5 1102730 23/02/2023 23/02/2023 Folleto